<?xml version="1.0" encoding="UTF-8"?>
<marc:record xmlns:marc="http://www.loc.gov/MARC21/slim">
   <marc:leader>00000nam a2200000 a 4500</marc:leader>
   <marc:datafield ind1="1" ind2=" " tag="100">
      <marc:subfield code="a">Agnello Hornby, Simonetta</marc:subfield>
      <marc:subfield code="4">aut</marc:subfield>
      <marc:subfield code="e">Verfasser/-in</marc:subfield>
   </marc:datafield>
   <marc:datafield ind1="1" ind2=" " tag="100">
      <marc:subfield code="a">Lustig, Monika</marc:subfield>
      <marc:subfield code="4">trl</marc:subfield>
      <marc:subfield code="e">Übersetzer/-in</marc:subfield>
   </marc:datafield>
   <marc:datafield ind1=" " ind2=" " tag="653">
      <marc:subfield code="a">Kindheitserinnerungen</marc:subfield>
   </marc:datafield>
   <marc:datafield ind1=" " ind2=" " tag="653">
      <marc:subfield code="a">Familie</marc:subfield>
   </marc:datafield>
   <marc:datafield ind1=" " ind2=" " tag="653">
      <marc:subfield code="a">Genuss</marc:subfield>
   </marc:datafield>
   <marc:datafield ind1=" " ind2=" " tag="653">
      <marc:subfield code="a">Italienisches Sizilien</marc:subfield>
   </marc:datafield>
   <marc:datafield ind1=" " ind2=" " tag="653">
      <marc:subfield code="a">einfaches Leben</marc:subfield>
   </marc:datafield>
   <marc:datafield ind1=" " ind2=" " tag="653">
      <marc:subfield code="a">Softcover / Sachbücher/Geschichte/Biographien</marc:subfield>
   </marc:datafield>
   <marc:datafield ind1=" " ind2=" " tag="653">
      <marc:subfield code="a">Autobiographien</marc:subfield>
   </marc:datafield>
   <marc:datafield ind1=" " ind2=" " tag="653">
      <marc:subfield code="a">Erzählende Literatur: Gegenwartsliteratur ab 1945</marc:subfield>
   </marc:datafield>
   <marc:datafield ind1="0" ind2="0" tag="245">
      <marc:subfield code="a">Ein Hauch Olivenöl</marc:subfield>
   </marc:datafield>
   <marc:datafield ind1="0" ind2="0" tag="245">
      <marc:subfield code="b">eine sizilianische Familiengeschichte</marc:subfield>
   </marc:datafield>
   <marc:datafield ind1="0" ind2="0" tag="245">
      <marc:subfield code="c">Simonetta Agnello Hornby. Mit 15 Rezepten von Chiara Agnello. Aus dem sizilianischen Ital. von Monika Lustig</marc:subfield>
   </marc:datafield>
   <marc:datafield ind1=" " ind2="1" tag="264">
      <marc:subfield code="a">Berlin</marc:subfield>
      <marc:subfield code="b">Ed. Ebersbach</marc:subfield>
      <marc:subfield code="c">2014</marc:subfield>
   </marc:datafield>
   <marc:datafield ind1=" " ind2=" " tag="250">
      <marc:subfield code="a">1. Aufl.</marc:subfield>
   </marc:datafield>
   <marc:datafield ind1="1" ind2=" " tag="520">
      <marc:subfield code="a">Angaben aus der Verlagsmeldung

Eine Spur Olivenöl : Ein Rezeptbuch des Lebens / von Simonetta Agnello Hornby

Vergnügliche Episoden aus der Kindheit, lebendige Porträts der guten Geister, die sich um den Haushalt kümmern, garniert mit verführerischen Rezepten aus ihrer sizilianischen Heimat: Das sind die Zutaten, die Simonetta Agnello Hornby zu einer besonderen Familiengeschichte vermengt. Die Autorin führt uns an ihren Sehnsuchtsort Mosè, zum Landsitz der Familie Agnello, unweit von Agrigent, wo sie in den Sommermonaten ihre Kindheit und Jugend verbrachte – inmitten all der Cousins, Onkel und Tanten und sonstigen Anverwandten, die alljährlich dort zusammentreffen. Hier auf Mosè, das von riesigen Olivenhainen mit 500 Jahre alten Bäumen umgeben ist, wird der Rhythmus des Lebens vom Wachsen und Reifen der Feldfrüchte bestimmt, die zu reichhaltigen, aber einfachen Speisen verarbeitet werden. Gern lässt man sich beim Lesen zum sinnlichen Genuss verführen: Wir schmecken die frisch geernteten Oliven, Mandeln und Pistazien, kosten Rosalias unvergleichlichen Caffè d’u parrino, eine köstliche Mischung aus Kakao, Nelken, Kaffee und Zimt, und verfolgen gespannt das Ritual des Brotbackens bis zu dem „heiligen Moment“, wenn der Duft des warmen Brotes auf Fingerdruck explodiert …
</marc:subfield>
   </marc:datafield>
   <marc:datafield ind1=" " ind2=" " tag="020">
      <marc:subfield code="a">9783869150819</marc:subfield>
      <marc:subfield code="9">9783869150819</marc:subfield>
   </marc:datafield>
   <marc:datafield ind1=" " ind2=" " tag="041">
      <marc:subfield code="a">ger</marc:subfield>
   </marc:datafield>
   <marc:datafield ind1=" " ind2=" " tag="300">
      <marc:subfield code="a">218 S.</marc:subfield>
   </marc:datafield>
</marc:record>
